000 00544nam a2200181 i 4500
001 77881
003 ES-MaACL
005 20230906173430.0
007 t|
008 041112s1988 gr ||||1| eng d
080 _a7.032.63(385)(036)
100 1 _aDontas, George.
_945348
245 1 0 _aThe Acropolis and its museum /
_cGeorges Dontas.
260 _aAthens :
_bClio,
_c1988.
300 _a135 p., 1 h. de map. pleg. :
_bil. ;
_c24 cm.
650 4 _aArte griego-
_zAtenas-
_vGuías turísticas.
_910222
852 _aES-MaACL
_jL-28444
_bR.134533
999 _c77881
_d77881